Tu sei tu! Spiegando dei sessi, amore e famiglia

محفوظ في:
التفاصيل البيبلوغرافية
المؤلف الرئيسي: Branfman, Jonathan
مؤلفون آخرون: Benbassat, Julie, Carlsten, Virginia
التنسيق: كتاب
اللغة:الإنجليزية
منشور في: CreateSpace Independent Publishing Platform 2018
الوسوم: إضافة وسم
لا توجد وسوم, كن أول من يضع وسما على هذه التسجيلة!

MARC

LEADER 00000nam a2200000 4500
005 20241009171423.0
008 241009b |||||||| |||| 00| 0 eng d
020 |a 978-1719216012 
040 |c GP 
100 |a Branfman, Jonathan 
245 |a Tu sei tu!  |b Spiegando dei sessi, amore e famiglia 
260 |b CreateSpace Independent Publishing Platform  |c 2018 
700 |a Benbassat, Julie 
700 |a Carlsten, Virginia 
942 |2 ddc  |c BK  |n 0 
952 |0 0  |1 0  |2 ddc  |4 0  |6 741_000000000000000_BRA  |7 1  |9 2083  |a RM  |b RM  |d 2024-10-09  |l 0  |o 741 BRA  |p 798  |r 2024-10-09 17:14:52  |w 2024-10-09  |y BK 
999 |c 1823  |d 1823